书目信息 |
| 题名: |
数据结构基础与应用
|
|
| 作者: | 王琳 , 张飏 , 薛铁鹰 主编 ;技能型紧缺人才培养规划教材编写委员会 编写 | |
| 分册: | ||
| 出版信息: | 北京 海洋出版社 2005.09 |
|
| 页数: | 204页 | |
| 开本: | 26m | |
| 丛书名: | ||
| 单 册: | ||
| 中图分类: | TP311.12 | |
| 科图分类: | ||
| 主题词: | 数据结构--shu ju jie gou--高等数学 , 技术学校--ji shu xue xiao--教材 | |
| 电子资源: | ||
| ISBN: | 7-5027-6384-8 | |
| 000 | 01483nam0 2200289 450 | |
| 001 | 012006578835 | |
| 005 | 20060701102305.50 | |
| 010 | @a7-5027-6384-8@dCNY25.00 | |
| 100 | @a20060611d2005 km y0chiy0120 ea | |
| 101 | 0 | @achi |
| 102 | @aCN@b110000 | |
| 105 | @aa j 000yy | |
| 200 | 1 | @a数据结构基础与应用@Ashu ju jie gou ji chu yu ying yong@d= Data structure@f薛铁鹰, 张飏, 王琳主编@Fxue tie ying,zhang yang,wang lin zhu bian@g技能型紧缺人才培养规划教材编写委员会编写@Gji neng xing jin que ren cai pei yang gui hua jiao cai bian xie wei yuan hui bian xie@zeng |
| 210 | @a北京@c海洋出版社@d2005.09 | |
| 215 | @a204页@c图@d26m | |
| 300 | @a教育部职业教育与成人教育司全国职业教育与成人教育教学用书规划教材 21世纪全国职业院校技能型紧缺人才培养规划教材 | |
| 330 | @a本书共11章,主要内容包括:数据结构绪论,数据结构分类,线性表的概念、存储方式及其操作,栈的概念、实现、应用、栈与递归,队列的概念、分类及其实现,串的定义、存储方式及其实现、数组与矩阵的定义及存储,树的定义、应用、二叉树及其树的遍历等。 | |
| 510 | 1 | @aData structure@zeng |
| 606 | 0 | @a数据结构@Ashu ju jie gou@x高等数学 |
| 606 | 0 | @a技术学校@Aji shu xue xiao@j教材 |
| 690 | @aTP311.12@v4 | |
| 701 | 0 | @a王琳@Awang lin@4主编 |
| 701 | 0 | @a张飏@Azhang yang@4主编 |
| 701 | 0 | @a薛铁鹰@Axue tie ying@4主编 |
| 712 | 02 | @a技能型紧缺人才培养规划教材编写委员会@Aji neng xing jin que ren cai pei yang gui hua jiao cai bian xie wei yuan hui@4编写 |
| 801 | 0 | @aCN@bQSSK@c20060701 |
| 905 | @a10447@dTP311.12@eX964 | |
| 数据结构基础与应用= Data structure/薛铁鹰, 张飏, 王琳主编/技能型紧缺人才培养规划教材编写委员会编写.-北京:海洋出版社,2005.09 |
| 204页:图;26m |
| 教育部职业教育与成人教育司全国职业教育与成人教育教学用书规划教材 21世纪全国职业院校技能型紧缺人才培养规划教材 |
| ISBN 7-5027-6384-8:CNY25.00 |
| 本书共11章,主要内容包括:数据结构绪论,数据结构分类,线性表的概念、存储方式及其操作,栈的概念、实现、应用、栈与递归,队列的概念、分类及其实现,串的定义、存储方式及其实现、数组与矩阵的定义及存储,树的定义、应用、二叉树及其树的遍历等。 |
| ● |
| 相关链接 |
|
|
|
正题名:数据结构基础与应用
索取号:TP311.12/X964
 
预约/预借
| 序号 | 登录号 | 条形码 | 馆藏地/架位号 | 状态 | 备注 |
| 1 | 583241 | 205832410 | 期刊室512/301自科库 69排1列2层/ [索取号:TP311.12/X964] | 在馆 | |
| 2 | 583242 | 205832429 | 期刊室512/301自科库 69排1列2层/ [索取号:TP311.12/X964] | 在馆 | |
| 3 | 583243 | 205832438 | 期刊室512/301自科库 69排1列2层/ [索取号:TP311.12/X964] | 在馆 |